Historia universal
Saved in:
| Institution som forfatter: | |
|---|---|
| Format: | Bog |
| Sprog: | spansk |
| Udgivet: |
Bilbao
Mensajeros
1986
|
| Serier: | Bolsillo Mensajero, 103
|
| Fag: | |
| Tags: |
Tilføj Tag
Ingen Tags, Vær først til at tagge denne postø!
|
MARC
| LEADER | 00000nam a2200000 a 4500 | ||
|---|---|---|---|
| 001 | UCX4605 | ||
| 003 | CL-VaPUC | ||
| 008 | 920619e19860000SP |||||||||||||||||spa|d | ||
| 082 | 0 | 4 | |a 909 |b EQU |2 21 |
| 110 | 2 | |a Equipo Redaccin PAL |e author |9 320817 | |
| 245 | 1 | 0 | |a Historia universal |
| 300 | |a v | ||
| 942 | |c BK | ||
| 945 | |d 19920619 00:00:00 | ||
| 260 | |a Bilbao |b Mensajeros |c 1986 | ||
| 500 | |a v.2: El mundo griego | ||
| 650 | 0 | |a Historia |9 255047 | |
| 651 | 0 | |a Grecia |9 265314 | |
| 583 | |a last modification |c 19920619 00:00:00 |k Rodrigo Vera | ||
| 490 | 0 | |a Bolsillo Mensajero, 103 | |
| 999 | |c 225031 |d 225029 | ||
| 952 | |0 0 |1 0 |4 0 |6 909_000000000000000_EQU_1986 |7 0 |8 A |9 222191 |a BIBHIS |b BIBHIS |d 2019-11-15 |h v.2 |i 2910276 |o 909 EQU 1986 |p 2910276 |r 2025-01-20 |w 2019-11-15 |y BK |k HIS | ||